000
00309nam a22001457a 4500
003
SGT
020
_a
9780199489084
082
_a
641.1
_b
ROD
100
_a
RODAY,SUNETRA
245
_a
FOOD SCIENCE AND NUTRITION
250
_a
3RD
260
_a
OXFORD UNIVERSITY
_c
2018
300
_a
441
942
_2
ddc
_c
BK
_0
10
999
_c
16672
_d
16672